MARC

LEADER 00000nam0a2200000 4500
001 376095
005 20231102012807.0
020 |a RU  |b 89-68211 
035 |a (RuTPU)RU\TPU\retro\33535 
035 |a RU\TPU\book\227461 
090 |a 376095 
100 |a 20221221d1989 k y0rusy5003 ca 
101 0 |a rus 
102 |a RU 
105 |a y z 001zb 
200 1 |a Социально-политические воззрения И. Шумпетера  |e реферативный сборник  |f Академия наук СССР (АН СССР), Институт научной информации по общественным наукам (ИНИОН) ; отв. за вып. Л. Б. Волков 
210 |a Москва  |c ИНИОН  |d 1989 
215 |a 105 с.  |d 20 см 
225 1 |a Политические деятели и идеологи стран Запада 
320 |a Библиогр. в конце ст. 
600 1 |a Шумпетер  |b Й.  |c американский экономист австро-венгерского происхождения  |c социолог  |f 1883-1950  |g Йозеф  |2 stltpush  |3 (RuTPU)RU\TPU\pers\12608  |9 3567 
610 1 |a политические учения 
610 1 |a экономические учения 
610 1 |a 20 век 
686 |a У018.53  |2 rubbk 
686 |a Ф019  |2 rubbk 
702 1 |a Волков  |b Л. Б.  |4 540 
712 0 2 |a Академия наук СССР (АН СССР)  |b Институт научной информации по общественным наукам (ИНИОН)  |c (Москва)  |2 stltpush  |3 (RuTPU)RU\TPU\col\11360 
801 0 |a RU  |b RuMRKP  |c 19960704  |g psbo 
801 1 |a RU  |b 63413507  |c 20120202 
801 2 |a RU  |b 63413507  |c 20221221  |g RCR 
942 |c BK